Brewing yeast and fermentation /

This unique volume provides a definitive overview of modern and traditional brewing fermentation. Written by two experts with unrivalled experience from years with a leading international brewer, coverage includes all aspects of brewing fermentation, together with the biochemistry, physiology and ge...

Full description

Bibliographic Details
Main Author: Boulton, Chris
Other Authors: Quain, David
Format: eBook
Language:English
Published: Oxford ; Malden, MA : Ames, Iowa : Blackwell Science ; Iowa State University Press [distributor], 2001.
Subjects:
Online Access:Connect to the full text of this electronic book

MARC

Tag First Indicator Second Indicator Subfields
LEADER 00000nam a2200000 a 4500
001 in00004678621
006 m o d
007 cr cn|||||||||
008 071221s2001 enka ob 001 0 eng d
005 20260214204004.5
020 |a 9780470999417 
020 |a 0470999411 
020 |a 9780470999400  |q (electronic bk.) 
020 |a 0470999403  |q (electronic bk.) 
020 |a 1281312770 
020 |a 9781281312778 
020 |a 9780632054510 
020 |a 0632054514 
020 |z 9780632054756 
020 |z 0632054751 
020 |z 0632054514 
024 7 |a 10.1002/9780470999417  |2 doi 
035 |a wil6007436 
035 |a (NhCcYBP)wil6007436 
037 |a 10.1002/9780470999417  |b Wiley InterScience  |n http://www3.interscience.wiley.com 
040 |a NhCcYBP  |b eng  |c NhCcYBP 
050 4 |a TP580  |b .B68 2001eb 
070 |a TP580  |b .B68 2001 
072 0 |a Q100 
072 7 |a TEC  |x 012000  |2 bisacsh 
072 7 |a TDCT  |2 bicssc 
082 0 4 |a 663/.42  |2 22 
084 |a DA 74  |2 blsrissc 
084 |a DE 33  |2 blsrissc 
100 1 |a Boulton, Chris. 
245 1 0 |a Brewing yeast and fermentation /  |c Chris Boulton and David Quain. 
246 1 4 |a Brewing yeast & fermentation 
260 |a Oxford ;  |a Malden, MA :  |b Blackwell Science ;  |a Ames, Iowa :  |b Iowa State University Press [distributor],  |c 2001. 
300 |a 1 online resource (xii, 644 pages) :  |b illustrations 
336 |a text  |b txt  |2 rdacontent 
337 |a computer  |b c  |2 rdamedia 
338 |a online resource  |b cr  |2 rdacarrier 
504 |a Includes bibliographical references (pages 586-637) and index. 
520 |a This unique volume provides a definitive overview of modern and traditional brewing fermentation. Written by two experts with unrivalled experience from years with a leading international brewer, coverage includes all aspects of brewing fermentation, together with the biochemistry, physiology and genetics of brewers' yeast. "Brewing Yeast and Fermentation" is unique in that brewing fermentation and yeast biotechnology are covered in detail from a commercial perspective. Now, available for the first time in paperback, the book is aimed at commercial brewers and their ingredient and equipment suppliers (including packaging manufacturers). It is also an essential reference source for students on brewing courses and workers in research and academic institutions. 
588 0 |a Print version record. 
650 0 |a Yeast. 
650 0 |a Brewing. 
650 0 |a Fermentation. 
655 4 |a Electronic books. 
700 1 |a Quain, David. 
776 0 8 |i Print version:  |a Boulton, Chris.  |t Brewing yeast and fermentation.  |d Oxford ; Malden, MA : Blackwell Science ; Ames, Iowa : Iowa State University Press [distributor], 2001  |z 0632054514  |z 9780632054510  |w (DLC) 2001043598 
856 4 0 |u http://proxy.library.tamu.edu/login?url=https://onlinelibrary.wiley.com/book/10.1002/9780470999417  |z Connect to the full text of this electronic book  |t 0 
955 |a Wiley EBA record 
975 |p Wiley UBCM Full Collection 2026 
999 f f |s 496bb3bf-8b33-470c-932a-6a72574bb58f  |i 4fab393a-0719-4106-92ed-1795a22c2809  |t 0 
952 f f |a Texas A&M University  |b College Station  |c Electronic Resources  |s evans_pda  |d Available Online  |t 0  |e TP580 .B68 2001eb  |h Library of Congress classification 
998 f f |a TP580 .B68 2001eb  |t 0  |l Available Online